| 000 | 005110000a22001210004500 | ||
|---|---|---|---|
| 090 |
_aAS _bSeriadas |
||
| 245 | 1 | 0 | _aContenidos de CD, CU y ZN en Rhizophora Mangle y Avicennia germinans de la Ciénaga Grande de Santa Marta y bahía de Chengue, Costa Caribe colombiana |
| 041 | 0 | _aEspañol | |
| 700 | 1 |
_aGallo, María Cristina _999090 |
|
| 100 | 1 |
_aCampos, Néstor Hernando _935666 |
|
| 942 | _cARTICULO | ||
| 773 | 1 |
_tRevista de la Academia Colombiana de Ciencias Exactas, Fisicas y Naturales _332 _h79 _q73-90 _d1997 _g21 |
|
| 999 |
_c14051 _d14051 |
||